00444 2200181 4500245005400000020001700054250001100071100001700082700001600099700001200115650001700127005001900144260003100163041001400194084001300208300003200221336000900253 aHow to Make a Princess Vol. 2cIzumi, AsukahText a978979234486 aCet. 1 aIzumi, Asuka aAnglingsari aMartina aKomik Jepang a20230414084529 aJakartabPT Gramediac2010 aIndonesia a741.5592 a... jil. :bilus. ;c17 cm. atext